Ready to go service projects (Record no. 233585)
[ view plain ]
| 000 -LEADER | |
|---|---|
| fixed length control field | 01439nam a2200337 a 4500 |
| 100 1# - MAIN ENTRY--AUTHOR NAME | |
| Personal name | Saylor, Ann. |
| 245 10 - TITLE STATEMENT | |
| Title | Ready to go service projects |
| 260 ## - PUBLICATION, DISTRIBUTION, ETC. (IMPRINT) | |
| Place of publication | Nashville, Tenn. : |
| Name of publisher | Abingdon Press, |
| Year of publication | 2008. |
| 300 ## - PHYSICAL DESCRIPTION | |
| Number of Pages | 178 p. : |
| Other physical details | ill., forms. |
| 490 0# - SERIES STATEMENT | |
| Series statement | Ready to go |
| 505 0# - FORMATTED CONTENTS NOTE | |
| Formatted contents note | pt. 1. The basics -- pt. 2. Readying your hands -- pt. 3. Hands in action -- pt. 4. Putting the pieces together. |
| 650 #0 - SUBJECT ADDED ENTRY--TOPICAL TERM | |
| Topical Term | Church work with teenagers. |
| Topical Term | Service learning. |
| Topical Term | Student volunteers in social service. |
| 700 1# - ADDED ENTRY--PERSONAL NAME | |
| Personal name | Ragsdale, Susan. |
| 856 40 - ELECTRONIC LOCATION AND ACCESS | |
| Uniform Resource Identifier | http://site.ebrary.com/lib/rucke/Doc?id=10432035 |
No items available.
